[Event "Mistrzostwa Polski Juniorek Młodszych "]
[Site "Suwałki, Poland"]
[Date "2025.04.29"]
[Round "8.5"]
[White "Goralik, Zuzanna"]
[Black "Samol, Zofia"]
[Result "1-0"]
[WhiteElo "1615"]
[BlackElo "1512"]
[PlyCount "95"]
[EventDate "2025.??.??"]

1. e4 c5 2. Nf3 e6 3. d4 cxd4 4. Nxd4 a6 5. Bd3 Bc5 6. Nb3 Be7 7. Qg4 Nf6 8. Qxg7 Rg8 9. Qh6 Rxg2 10. e5 Qb6 11. Be3 Ng4 12. Bxb6 Nxh6 13. N1d2 Nc6 14. Nc4 Kf8 15. Bxh7 f5 16. exf6 Bxf6 17. c3 Nf7 18. Bc7 b5 19. Nb6 Ra7 20. Bg3 Bb7 21. Nxd7+ Ke7 22. Nxf6 Kxf6 23. Be4 Nd4 24. Bxb7 Rxg3 25. Nxd4 Rg8 26. Be4 Ng5 27. Bc2 e5 28. Nc6 Rc7 29. Nb4 Rd7 30. Rd1 Rdg7 31. Nd5+ Kf7 32. Ke2 e4 33. Ne3 Kf6 34. Rd6+ Ke5 35. Rxa6 Nh3 36. Bb3 Nf4+ 37. Kd2 Rd8+ 38. Kc2 Rc7 39. Ng4+ Kf5 40. Nh6+ Ke5 41. Nf7+ Rxf7 42. Bxf7 Rc8 43. Rg1 Nd3 44. Rg5+ Kf4 45. Rxb5 Rd8 46. Rf6+ Kg4 47. Be6+ Kh4 48. Rh6# 1-0

[Event "Mistrzostwa Polski Juniorek Młodszych "]
[Site "Suwałki, Poland"]
[Date "2025.04.29"]
[Round "8.11"]
[White "Czekaj, Aleksandra"]
[Black "Milek, Maja"]
[Result "0-1"]
[WhiteElo "1507"]
[BlackElo "1622"]
[PlyCount "116"]
[EventDate "2025.??.??"]

1. e4 c6 2. d4 d5 3. e5 a6 4. Nf3 Bf5 5. c3 e6 6. Be2 c5 7. O-O cxd4 8. cxd4 Qb6 9. Nc3 Nc6 10. a3 Nge7 11. b4 Bg6 12. Bb2 Nf5 13. Na4 Qc7 14. Rc1 Be7 15. Qd2 O-O 16. h3 Rfc8 17. Bd3 Nh4 18. Nxh4 Bxh4 19. Bxg6 hxg6 20. Qf4 Qe7 21. Qf3 Qd8 22. Qe2 b5 23. Nc5 Qb6 24. Rc2 a5 25. Bc3 axb4 26. Bxb4 Nxd4 27. Qd3 Nxc2 28. Qxc2 Qc6 29. Qd3 Be7 30. Rc1 Qb6 31. Qd4 Rc6 32. Rc3 Rac8 33. Nb3 Qxd4 34. Nxd4 Rxc3 35. Bxc3 Rxc3 36. Nxb5 Rc1+ 37. Kh2 Ra1 38. Nd6 Bxd6 39. exd6 Rxa3 40. d7 Ra8 41. Kg3 Rd8 42. Kf4 Rxd7 43. Ke5 d4 44. f4 d3 45. g4 d2 46. h4 d1=Q 47. Ke4 Qxg4 48. Ke3 Rd3+ 49. Kxd3 Qxf4 50. Kc2 Qe3 51. Kb2 Qd3 52. Ka1 f5 53. Kb2 f4 54. Ka2 f3 55. Kb2 f2 56. Ka2 f1=R 57. h5 Rf2+ 58. Ka1 Qf1# 0-1

[Event "Mistrzostwa Polski Juniorek Młodszych "]
[Site "Suwałki, Poland"]
[Date "2025.04.29"]
[Round "8.2"]
[White "Nguyen, Doan Bao Anh Angeli"]
[Black "Kaminska, Zuzanna"]
[Result "1-0"]
[WhiteElo "1880"]
[BlackElo "1899"]
[PlyCount "121"]
[EventDate "2025.??.??"]

1. d4 d5 2. c4 e6 3. Nc3 c6 4. cxd5 exd5 5. Bf4 Bd6 6. Bg3 Bxg3 7. hxg3 Bf5 8. Nf3 Nf6 9. e3 Nbd7 10. Bd3 Bxd3 11. Qxd3 Nb6 12. Ne5 Nc8 13. g4 Nd6 14. f3 g6 15. g5 Nd7 16. f4 Qa5 17. Kf2 O-O-O 18. Rab1 Nxe5 19. dxe5 Ne4+ 20. Kf3 Nc5 21. Qc2 Qb4 22. a3 Qb3 23. Qxb3 Nxb3 24. Rbd1 Kc7 25. Rh6 Rdg8 26. Ne2 Nc5 27. b4 Ne6 28. Nd4 a6 29. Rdh1 Rg7 30. a4 b5 31. axb5 axb5 32. Ra1 Kb7 33. g4 Rgg8 34. Rc1 Nxd4+ 35. exd4 Kc7 36. Rch1 Rg7 37. Rg1 Rhg8 38. Rgh1 Rh8 39. Kg3 Kb7 40. Kh4 Rhg8 41. Rg1 Ra8 42. f5 gxf5 43. gxf5 Ra2 44. Kg4 Rd2 45. f6 Rxd4+ 46. Kf3 Rg8 47. Rxh7 Ra8 48. Rxf7+ Kb6 49. Re1 Rh4 50. Kg3 Rxb4 51. Rf1 Ra3+ 52. Rf3 Raa4 53. Rh7 Rg4+ 54. Kh3 Rg1 55. f7 Rh1+ 56. Kg3 Rg1+ 57. Kf2 Rgg4 58. f8=Q Ra2+ 59. Ke3 Re4+ 60. Kd3 Ra3+ 61. Qxa3 1-0

[Event "Mistrzostwa Polski Juniorek Młodszych "]
[Site "Suwałki, Poland"]
[Date "2025.04.29"]
[Round "8.12"]
[White "Wawrzyniak, Aleksandra"]
[Black "Przygodzka, Emilia"]
[Result "0-1"]
[WhiteElo "1528"]
[BlackElo "1489"]
[PlyCount "68"]
[EventDate "2025.??.??"]

1. d4 f5 2. Bf4 Nf6 3. Nc3 g6 4. Qd2 Bg7 5. O-O-O O-O 6. Nf3 Ne4 7. Qe3 d5 8. Ng5 c5 9. Ncxe4 cxd4 10. Qg3 e5 11. Bxe5 Bxe5 12. Qxe5 fxe4 13. Nh3 Nc6 14. Qg3 Bf5 15. e3 d3 16. cxd3 exd3 17. Bxd3 Bxd3 18. Rxd3 Nb4 19. Rd2 Nxa2+ 20. Kd1 Rc8 21. Ke2 Qb6 22. Rhd1 Qb5+ 23. Ke1 d4 24. Rxd4 Qxb2 25. R4d2 Rc2 26. Qd6 Nb4 27. Rxc2 Nxc2+ 28. Kf1 Nxe3+ 29. Ke1 Nxg2+ 30. Kf1 Ne3+ 31. Ke1 Nxd1 32. Qd5+ Kh8 33. Kxd1 Qb6 34. Qe5+ Qf6 0-1

[Event "Mistrzostwa Polski Juniorek Młodszych "]
[Site "Suwałki, Poland"]
[Date "2025.04.29"]
[Round "8.4"]
[White "Gruszecka, Alicja"]
[Black "Staszczyszyn, Marta"]
[Result "1-0"]
[WhiteElo "1780"]
[BlackElo "1533"]
[PlyCount "107"]
[EventDate "2025.??.??"]

1. e4 c5 2. Nf3 a6 3. c4 Nc6 4. d4 cxd4 5. Nxd4 e5 6. Nf5 d6 7. Ne3 g6 8. Nc3 Bg7 9. Bd3 Be6 10. O-O Nd4 11. Ned5 Nf6 12. f4 Bxd5 13. cxd5 exf4 14. Qa4+ Nb5 15. Nxb5 axb5 16. Qxb5+ Qd7 17. Bxf4 Qxb5 18. Bxb5+ Ke7 19. Rfe1 Nh5 20. Bg5+ Nf6 21. a3 h6 22. Bd2 Ng4 23. Bc3 Ne5 24. Rac1 Rhc8 25. a4 Bh8 26. h3 Rc5 27. Bb4 Rcc8 28. b3 Bf6 29. Bd2 Bg7 30. Rxc8 Rxc8 31. Rc1 Rxc1+ 32. Bxc1 Nd7 33. Bxd7 Kxd7 34. Kf2 g5 35. Ke2 Be5 36. Kd3 Kc7 37. Be3 Bg3 38. Ke2 b6 39. Kf3 Be5 40. Kg4 Kb7 41. h4 Ka6 42. hxg5 hxg5 43. Kxg5 Bg7 44. Bf4 b5 45. Bxd6 bxa4 46. bxa4 Ka5 47. Bf4 Bd4 48. d6 Bb6 49. Kf6 Kxa4 50. Kxf7 Kb5 51. d7 Kc6 52. Ke8 Kc5 53. Be3+ Kc6 54. Bxb6 1-0

[Event "Mistrzostwa Polski Juniorek Młodszych "]
[Site "Suwałki, Poland"]
[Date "2025.04.29"]
[Round "8.9"]
[White "Halibozek, Zofia"]
[Black "Babicz, Hanna"]
[Result "0-1"]
[WhiteElo "1608"]
[BlackElo "1560"]
[PlyCount "104"]
[EventDate "2025.??.??"]

1. e4 e5 2. Nf3 Nc6 3. Nc3 Nf6 4. d4 exd4 5. Nxd4 Bb4 6. Nxc6 bxc6 7. Bd3 d5 8. exd5 cxd5 9. O-O O-O 10. Bg5 c6 11. Qf3 Bd6 12. Bxf6 Qxf6 13. Qxf6 gxf6 14. Rfe1 Rb8 15. Rab1 Bd7 16. a3 Rb7 17. b4 Ra8 18. Ba6 Rb6 19. b5 Bxa3 20. Rb3 Bd6 21. Rd1 Re8 22. g3 Re5 23. f4 Rf5 24. bxc6 Bxc6 25. Rxb6 axb6 26. Bd3 Rh5 27. Be2 Bc5+ 28. Kf1 Rxh2 29. Bb5 Bb7 30. g4 d4 31. Na4 Rh1+ 32. Ke2 Bf3+ 33. Kxf3 Rxd1 34. Nxc5 bxc5 35. Bd3 Rg1 36. Bf5 Re1 37. Kf2 Re3 38. Kg2 h6 39. Kf2 Kf8 40. Kg2 Ke7 41. Kf2 Kd6 42. Kg2 c4 43. Kf2 Kd5 44. Bh7 Kc5 45. Bg8 Rc3 46. Bh7 d3 47. cxd3 Rxd3 48. Bxd3 cxd3 49. Ke3 Kc4 50. Kd2 Kd4 51. Kd1 f5 52. gxf5 h5 0-1

[Event "Mistrzostwa Polski Juniorek Młodszych "]
[Site "Suwałki, Poland"]
[Date "2025.04.29"]
[Round "8.3"]
[White "Saliuk, Maryia"]
[Black "Slusarczyk, Agnieszka"]
[Result "1-0"]
[WhiteElo "1633"]
[BlackElo "1730"]
[PlyCount "103"]
[EventDate "2025.??.??"]

1. e4 e5 2. Nf3 Nc6 3. Qe2 Nf6 4. d3 Be7 5. c3 O-O 6. h3 Re8 7. Qc2 d5 8. Be2 h6 9. Nbd2 Be6 10. O-O Qd7 11. Re1 Rad8 12. Nf1 d4 13. Rd1 Nh7 14. Ng3 f5 15. Nd2 Nf6 16. Nh5 Rf8 17. Ng3 f4 18. Ngf1 Qe8 19. Nh2 Qg6 20. Kh1 Nh5 21. Re1 dxc3 22. bxc3 Bc5 23. Nb3 Bxf2 24. Bxh5 Qg3 25. Rf1 Bb6 26. Bf3 Rd7 27. Bd2 Rfd8 28. Be1 Qg5 29. Rd1 Qe7 30. Be2 g5 31. Bf2 Qh7 32. Bxb6 cxb6 33. Bg4 Bxg4 34. Nxg4 Qg6 35. d4 exd4 36. cxd4 Qg7 37. Qc4+ Kh8 38. d5 Ne7 39. Nd4 Rc8 40. Qb3 h5 41. Ne6 Qc3 42. Qxc3+ Rxc3 43. Nf6 Rd6 44. e5 Rxe6 45. dxe6 Nf5 46. Rd8+ Kg7 47. Rfd1 Ng3+ 48. Kh2 h4 49. Rg8+ Kh6 50. Rd7 Nf1+ 51. Kg1 Rc1 52. Rh7# 1-0

[Event "Mistrzostwa Polski Juniorek Młodszych "]
[Site "Suwałki, Poland"]
[Date "2025.04.29"]
[Round "8.8"]
[White "Trzcinska, Weronika"]
[Black "Orlowska, Aleksandra"]
[Result "1-0"]
[WhiteElo "1587"]
[BlackElo "1466"]
[PlyCount "143"]
[EventDate "2025.??.??"]

1. e4 c5 2. Nf3 d6 3. Bb5+ Bd7 4. Bxd7+ Nxd7 5. O-O Ngf6 6. Re1 g6 7. e5 dxe5 8. Nxe5 Bg7 9. Nxd7 Qxd7 10. d3 O-O 11. Nc3 h6 12. Be3 b6 13. Qe2 Nd5 14. Nxd5 Qxd5 15. c3 Rfd8 16. Red1 Qe6 17. Qd2 Kh7 18. Qc2 Rac8 19. a3 Qf5 20. Qa4 Rc7 21. d4 Qe4 22. Re1 cxd4 23. Bxd4 Qf4 24. g3 Qg4 25. Qd1 Qxd1 26. Raxd1 Bxd4 27. Rxd4 Rxd4 28. cxd4 Rd7 29. Kg2 e6 30. Rd1 Kg7 31. Kf3 Kf6 32. Ke4 Ke7 33. Rc1 Kd6 34. Ke3 f5 35. Kf4 g5+ 36. Ke3 h5 37. Rc8 Rh7 38. Kd3 h4 39. Rd8+ Kc7 40. Ra8 Kb7 41. Re8 Rh6 42. Re7+ Ka6 43. a4 hxg3 44. hxg3 Rh2 45. Ke2 Rh6 46. b4 b5 47. a5 Rf6 48. Rd7 Rg6 49. Rd6+ Kb7 50. d5 Kc7 51. Rc6+ Kb7 52. Rxe6 Rxe6+ 53. dxe6 Kc7 54. Ke3 Kd6 55. Kd4 Kxe6 56. Kc5 Ke5 57. Kxb5 Ke4 58. Kc5 Kf3 59. b5 Kxf2 60. b6 axb6+ 61. axb6 Kxg3 62. b7 f4 63. b8=Q Kf3 64. Qb1 g4 65. Qf1+ Ke4 66. Qe2+ Kf5 67. Kd5 Kg5 68. Qe5+ Kh4 69. Qxf4 Kh3 70. Ke4 g3 71. Kf3 g2 72. Qg3# 1-0

[Event "Mistrzostwa Polski Juniorek Młodszych "]
[Site "Suwałki, Poland"]
[Date "2025.04.29"]
[Round "8.20"]
[White "Tempich, Wiktoria"]
[Black "Oberc, Patrycja"]
[Result "0-1"]
[WhiteElo "1589"]
[BlackElo "1556"]
[PlyCount "96"]
[EventDate "2025.??.??"]

1. c4 c6 2. Nc3 Nf6 3. Nf3 d5 4. cxd5 cxd5 5. d4 Nc6 6. g3 e6 7. a3 Bd7 8. Bg2 Bd6 9. O-O O-O 10. Bg5 h6 11. Bxf6 Qxf6 12. e3 Rac8 13. Rc1 Na5 14. Nd2 Nc4 15. Nxc4 Rxc4 16. Ne4 Qe7 17. Rxc4 dxc4 18. Nxd6 Qxd6 19. Qc2 b5 20. Qc3 Bc6 21. Bxc6 Qxc6 22. b3 Rc8 23. bxc4 Qxc4 24. Qxc4 Rxc4 25. Rb1 a6 26. Rb3 Kf8 27. h4 Ke7 28. Kg2 Kd6 29. Rd3 Kd5 30. e4+ Kxe4 31. Rf3 Rxd4 32. Rxf7 Rd3 33. Rf4+ Kd5 34. a4 Rd4 35. axb5 Rxf4 36. gxf4 axb5 37. Kf3 Kc4 38. Ke4 b4 39. f5 exf5+ 40. Kxf5 b3 41. Kg6 b2 42. Kxg7 b1=Q 43. Kxh6 Qg1 44. h5 Kd5 45. f4 Ke6 46. f5+ Kf7 47. f6 Kxf6 48. Kh7 Qg7# 0-1

[Event "Mistrzostwa Polski Juniorek Młodszych "]
[Site "Suwałki, Poland"]
[Date "2025.04.29"]
[Round "8.7"]
[White "Klincewicz, Katarzyna"]
[Black "Gawerska, Karolina"]
[Result "1/2-1/2"]
[WhiteElo "1587"]
[BlackElo "1504"]
[PlyCount "130"]
[EventDate "2025.??.??"]

1. d4 e6 2. Nf3 d5 3. g3 c5 4. Bg2 Nf6 5. O-O cxd4 6. Nxd4 e5 7. Nb3 Be7 8. Bg5 Nbd7 9. N1d2 h6 10. Bxf6 Nxf6 11. Re1 O-O 12. e4 d4 13. Nf3 Qc7 14. Qe2 Be6 15. Rac1 Rad8 16. Red1 Bc4 17. Qe1 b5 18. Nh4 Nd7 19. Nf5 Bg5 20. Nd2 Be6 21. Nh4 Bxh4 22. gxh4 Nf6 23. Qe2 Qe7 24. Kh1 g6 25. Nf3 Bc4 26. Qe1 Nh5 27. b3 Be6 28. Qd2 Kh7 29. Rg1 Qf6 30. Rcf1 Nf4 31. Rd1 Nh3 32. Bxh3 Bxh3 33. Rg3 Be6 34. Rdg1 Rc8 35. Ne1 Qxh4 36. Qe2 a6 37. Nd3 Rc7 38. Nxe5 Rfc8 39. Rc1 Rc3 40. Nd3 Re8 41. Qf3 Qe7 42. e5 Bf5 43. Qf4 Rec8 44. Ne1 Rxg3 45. hxg3 Rc5 46. Nd3 Bxd3 47. cxd3 Rxe5 48. Kg2 Qb7+ 49. Qf3 Qe7 50. Rc2 Rf5 51. Qc6 a5 52. Qc7 Qb4 53. Re2 a4 54. bxa4 Qxa4 55. Qc8 Qd1 56. Qc2 Qxc2 57. Rxc2 Kg7 58. f4 g5 59. Kf3 gxf4 60. gxf4 h5 61. Ke4 Kg6 62. Rg2+ Kf6 63. Rc2 Ke6 64. Rc6+ Kd7 65. Kxf5 Kxc6 1/2-1/2

[Event "Mistrzostwa Polski Juniorek Młodszych "]
[Site "Suwałki, Poland"]
[Date "2025.04.29"]
[Round "8.10"]
[White "Kolorz, Julia"]
[Black "Junak, Aleksandra"]
[Result "1/2-1/2"]
[WhiteElo "1531"]
[BlackElo "1507"]
[PlyCount "101"]
[EventDate "2025.??.??"]

1. e4 c5 2. Nf3 Nc6 3. c4 e5 4. Nc3 d6 5. d3 Nf6 6. g3 Be7 7. Be2 O-O 8. h4 a6 9. Bd2 Bd7 10. Nh2 Nd4 11. Bg4 Nxg4 12. Nxg4 Bxg4 13. Qxg4 Nc2+ 14. Ke2 Nxa1 15. Rxa1 Qc8 16. Qf3 f5 17. Nd5 Bd8 18. Ba5 fxe4 19. Qxe4 Kh8 20. Bxd8 Qxd8 21. Qg4 Qc8 22. Qe4 Qf5 23. Qe3 Qg4+ 24. Kd2 Qf3 25. Qxf3 Rxf3 26. Ke2 Raf8 27. Rf1 R3f7 28. Ke3 b5 29. cxb5 axb5 30. a3 g6 31. Nc3 b4 32. axb4 cxb4 33. Nd5 b3 34. Nc3 Rd8 35. Ne4 Rc7 36. Nc3 d5 37. d4 Rc4 38. dxe5 d4+ 39. Kd3 Rc5 40. Ne2 Rxe5 41. Rc1 Rde8 42. Nxd4 Re1 43. Rxe1 Rxe1 44. Kc3 Rf1 45. f3 Rg1 46. g4 Rh1 47. Kxb3 Rxh4 48. Kc4 Rh1 49. b4 h5 50. gxh5 gxh5 51. Nf5 1/2-1/2

[Event "Mistrzostwa Polski Juniorek Młodszych "]
[Site "Suwałki, Poland"]
[Date "2025.04.29"]
[Round "8.14"]
[White "Jankiewicz, Lucja"]
[Black "Wawrzyniak, Weronika"]
[Result "1-0"]
[WhiteElo "1513"]
[BlackElo "1479"]
[PlyCount "121"]
[EventDate "2025.??.??"]

1. e4 e5 2. Nf3 Nc6 3. Bc4 Nf6 4. d3 Bc5 5. c3 a6 6. Bb3 Ba7 7. Bg5 d6 8. Nbd2 h6 9. Be3 Bxe3 10. fxe3 Qe7 11. Qe2 Bd7 12. O-O-O O-O-O 13. h3 Be6 14. Bc2 d5 15. exd5 Bxd5 16. Bb3 Qd6 17. Nc4 Qe7 18. Nh4 g6 19. e4 Nxe4 20. Qg4+ f5 21. Nxf5 gxf5 22. Qxf5+ Kb8 23. dxe4 Be6 24. Qh5 Qc5 25. Nd2 Bxb3 26. Nxb3 Qe3+ 27. Nd2 Rd6 28. Rhe1 Qc5 29. Kb1 Rhd8 30. Nb3 Qc4 31. Rxd6 Rxd6 32. Qe2 Qg8 33. g4 Qg5 34. Rf1 Ka7 35. Rf5 Qh4 36. Qf2+ Qxf2 37. Rxf2 Rd1+ 38. Kc2 Rh1 39. Rf3 Ne7 40. Nc1 Ng6 41. Nd3 Rh2+ 42. Kb3 Re2 43. Rf6 Ne7 44. Re6 Nc6 45. Nxe5 Na5+ 46. Ka3 b6 47. b4 Re3 48. bxa5 Rxc3+ 49. Kb4 Rxh3 50. axb6+ cxb6 51. Nf7 h5 52. g5 h4 53. Rh6 Kb7 54. Nh8 Rg3 55. Rh7+ Kc8 56. g6 Rg4 57. Nf7 Rxe4+ 58. Kc3 Rg4 59. g7 Rg3+ 60. Kd4 h3 61. Rh8+ 1-0

[Event "Mistrzostwa Polski Juniorek Młodszych "]
[Site "Suwałki, Poland"]
[Date "2025.04.29"]
[Round "8.16"]
[White "Bisek, Marlena"]
[Black "Wrzesinska, Amelia"]
[Result "0-1"]
[WhiteElo "1483"]
[BlackElo "1619"]
[PlyCount "40"]
[EventDate "2025.??.??"]

1. e4 c5 2. Nf3 e6 3. d4 cxd4 4. Nxd4 Nc6 5. Nxc6 bxc6 6. c4 Nf6 7. Bd3 d5 8. cxd5 cxd5 9. exd5 Nxd5 10. O-O Be7 11. Bd2 O-O 12. Nc3 Bf6 13. a3 Rb8 14. Qc2 h6 15. Rab1 Bb7 16. Nxd5 Qxd5 17. f3 Rfc8 18. Bh7+ Kh8 19. Qe4 Qc5+ 20. Qe3 Bd4 0-1

[Event "Mistrzostwa Polski Juniorek Młodszych "]
[Site "Suwałki, Poland"]
[Date "2025.04.29"]
[Round "8.18"]
[White "Dudek, Julia"]
[Black "Kolosza, Luiza"]
[Result "1-0"]
[WhiteElo "1552"]
[BlackElo "1502"]
[PlyCount "65"]
[EventDate "2025.??.??"]

1. e4 c6 2. d4 d5 3. exd5 cxd5 4. Bd3 Nc6 5. c3 Nf6 6. Bf4 e6 7. Nf3 Bd6 8. Bxd6 Qxd6 9. O-O O-O 10. Nbd2 Bd7 11. Re1 Rfe8 12. Ne5 Qc7 13. Ndf3 h6 14. Rc1 Qb6 15. Qb3 Qxb3 16. axb3 Rac8 17. Ra1 a6 18. h3 Na7 19. Re2 Nc6 20. Rae1 Re7 21. Nxc6 Bxc6 22. Ne5 Bd7 23. Nxd7 Nxd7 24. f4 Rce8 25. b4 b5 26. Ra1 Ra8 27. Bxb5 Nb8 28. Bd3 Nd7 29. Rxa6 Rxa6 30. Bxa6 Nf6 31. g4 Ne4 32. Bd3 Nd6 33. f5 1-0

[Event "Mistrzostwa Polski Juniorek Młodszych "]
[Site "Suwałki, Poland"]
[Date "2025.04.29"]
[Round "8.21"]
[White "Gorecka, Laura"]
[Black "Kasprzyszyn, Karolina"]
[Result "1-0"]
[WhiteElo "1473"]
[BlackElo "1561"]
[PlyCount "117"]
[EventDate "2025.??.??"]

1. e4 c5 2. Nf3 d6 3. d4 cxd4 4. Nxd4 Nf6 5. Nc3 a6 6. Be2 e6 7. O-O Be7 8. Be3 Nbd7 9. Kh1 Qc7 10. Bh5 b5 11. Nxe6 Qb8 12. Nxg7+ Kf8 13. Bh6 Kg8 14. Nf5 Bf8 15. Qf3 Ne5 16. Qg3+ Ng6 17. Bxg6 hxg6 18. Bxf8 Kxf8 19. Qxd6+ Qxd6 20. Nxd6 Be6 21. f3 Kg7 22. e5 Nd5 23. Nxd5 Bxd5 24. f4 Rh7 25. Kg1 Rah8 26. h3 Rd8 27. f5 Rh6 28. Rad1 Bc6 29. fxg6 Rxg6 30. Rxf7+ Kg8 31. Rf2 Rf8 32. Rxf8+ Kxf8 33. Rf1+ Kg8 34. g4 Re6 35. Rf5 Rg6 36. Kf2 b4 37. Nc8 Kg7 38. Nd6 Kg8 39. Kg3 a5 40. h4 a4 41. Rg5 Rxg5 42. hxg5 Bd7 43. Kf4 Kf8 44. g6 Be6 45. b3 a3 46. Nb5 Kg7 47. Kg5 Bd5 48. Nd4 Kf8 49. Kf6 Bg8 50. e6 Ke8 51. Nf5 Kd8 52. e7+ Ke8 53. Ng7+ Kd7 54. e8=Q+ Kc7 55. Ne6+ Bxe6 56. Qxe6 Kb8 57. Qd7 Ka8 58. g7 Kb8 59. g8=R# 1-0

[Event "Mistrzostwa Polski Juniorek Młodszych "]
[Site "Suwałki, Poland"]
[Date "2025.04.29"]
[Round "8.19"]
[White "Blaszkiewicz, Elzbieta"]
[Black "Magalska, Marcelina"]
[Result "0-1"]
[WhiteElo "1538"]
[BlackElo "1458"]
[PlyCount "140"]
[EventDate "2025.??.??"]

1. d4 Nf6 2. Nf3 e6 3. c4 d5 4. Nc3 c5 5. cxd5 exd5 6. Bg5 Be6 7. e3 c4 8. Be2 Be7 9. O-O Nc6 10. b3 a6 11. a4 Bb4 12. Qc2 Bxc3 13. Qxc3 Ne4 14. Bxd8 Nxc3 15. Bh4 Nxe2+ 16. Kh1 cxb3 17. Nd2 b2 18. Rab1 Nc3 19. Rxb2 Nxa4 20. Rxb7 O-O 21. Ra1 Nc3 22. Rc7 Rfc8 23. Rxc8+ Rxc8 24. Rxa6 Ne4 25. Nxe4 dxe4 26. h3 Nb4 27. Rb6 Nd3 28. Rd6 h6 29. d5 Bf5 30. Ra6 Nb4 31. Ra5 g5 32. Bg3 Rd8 33. d6 Be6 34. Ra4 Nd3 35. Rxe4 Nc5 36. Rd4 Rd7 37. e4 f6 38. Bh2 Kf7 39. Kg1 Bb3 40. Kf1 Ke6 41. f4 gxf4 42. Bxf4 h5 43. Ke1 Ba2 44. Rd2 Bb1 45. Rd5 Nxe4 46. Rxh5 Nxd6 47. g4 Nf7 48. Ke2 Bg6 49. Rb5 Bd3+ 50. Ke3 Bxb5 51. h4 Nh8 52. h5 Kf7 53. Ke4 Re7+ 54. Kd4 Be2 55. h6 Bxg4 56. Bc1 Kg6 57. Kd5 Nf7 58. Kd4 Nxh6 59. Bxh6 Kxh6 60. Kd3 f5 61. Kd4 f4 62. Kd3 f3 63. Kd4 f2 64. Kd5 f1=Q 65. Kd4 Qd1+ 66. Kc5 Rc7+ 67. Kb6 Qd6+ 68. Kb5 Qc6+ 69. Kb4 Qb6+ 70. Ka4 Ra7# 0-1

[Event "Mistrzostwa Polski Juniorek Młodszych "]
[Site "Suwałki, Poland"]
[Date "2025.04.29"]
[Round "8.22"]
[White "Romanska, Rozalia"]
[Black "Urban, Hanna"]
[Result "0-1"]
[WhiteElo "1401"]
[BlackElo "1530"]
[PlyCount "152"]
[EventDate "2025.??.??"]

1. e4 e5 2. Nc3 Nc6 3. Bc4 Nf6 4. d3 Bc5 5. Nf3 d6 6. h3 h6 7. O-O g5 8. Nh2 Rg8 9. Be3 g4 10. Bxc5 dxc5 11. h4 Nd4 12. g3 Nh5 13. Nd5 c6 14. Ne3 Nf6 15. c3 Nb5 16. Re1 Bd7 17. Nf5 Rg6 18. a4 Nc7 19. Nd6+ Kf8 20. Qd2 Be6 21. Bxe6 Nxe6 22. Nf5 h5 23. Nf1 Qd7 24. Qc2 Rd8 25. Rad1 b5 26. Rd2 Ng7 27. Nxg7 Kxg7 28. Red1 Ne8 29. Ne3 Kf8 30. Nf5 Ng7 31. d4 cxd4 32. cxd4 Nxf5 33. dxe5 Nd6 34. Rxd6 Rxd6 35. Rxd6 Qe7 36. Qxc6 Rxd6 37. Qxd6 bxa4 38. Kf1 Ke8 39. Qb8+ Kd7 40. Qxa7+ Ke6 41. Qxe7+ Kxe7 42. Ke2 Ke6 43. Kd3 Kxe5 44. Ke3 f6 45. Kd3 Ke6 46. Kd4 Kd6 47. Kc4 Ke5 48. Kd3 Ke6 49. Ke3 Ke5 50. f4+ gxf3 51. Kxf3 Kd4 52. g4 hxg4+ 53. Kf4 g3 54. Kxg3 Kxe4 55. Kg4 f5+ 56. Kg5 f4 57. h5 f3 58. h6 f2 59. h7 f1=Q 60. h8=Q Qg2+ 61. Kh6 Qh3+ 62. Kg7 Qxh8+ 63. Kxh8 Kd3 64. Kg7 Kc2 65. Kf6 Kxb2 66. Ke5 a3 67. Kd4 a2 68. Ke3 a1=Q 69. Kf2 Qa3 70. Kg1 Qf3 71. Kh2 Qg4 72. Kh1 Kc2 73. Kh2 Kd2 74. Kh1 Ke2 75. Kh2 Kf1 76. Kh1 Qh3# 0-1

[Event "Mistrzostwa Polski Juniorek Młodszych "]
[Site "Suwałki, Poland"]
[Date "2025.04.29"]
[Round "8.6"]
[White "Holubowska, Zofia"]
[Black "Biala, Julia"]
[Result "0-1"]
[WhiteElo "1545"]
[BlackElo "1604"]
[PlyCount "126"]
[EventDate "2025.??.??"]

1. d4 d5 2. Nf3 Nf6 3. e3 Bf5 4. Bd3 Bxd3 5. Qxd3 a6 6. b3 e6 7. Bb2 Bd6 8. Nbd2 Nc6 9. a3 O-O 10. O-O h6 11. Ne5 Ne7 12. f4 Nf5 13. Qe2 c5 14. c3 Rc8 15. Rac1 Qb6 16. Rfe1 Rc7 17. b4 c4 18. Rf1 Rcc8 19. Rf3 a5 20. Rh3 a4 21. g4 Ne7 22. g5 Bxe5 23. fxe5 Nh7 24. gxh6 g6 25. Nf3 Qd8 26. Kf2 Nf5 27. Rg1 b5 28. Ke1 Re8 29. Bc1 Nf8 30. Ng5 Nh7 31. Nf3 Re7 32. e4 dxe4 33. Qxe4 Qd5 34. Qe2 Ree8 35. Bg5 Nxg5 36. Nxg5 Red8 37. Rg4 Qh1+ 38. Qf1 Qd5 39. Ne4 Kh8 40. Nf6 Qc6 41. Qg1 Ne7 42. Qg2 Qc7 43. h7 Nc6 44. Rhh4 Nxe5 45. Rg3 Nd3+ 46. Kf1 e5 47. Qg1 exd4 48. Rxd4 Qe5 49. Rxd8+ Rxd8 50. Rf3 Nf4 51. Qe3 Rd1+ 52. Kf2 Nd3+ 53. Kg2 Ne1+ 54. Kh3 Nxf3 55. Qa7 Qxh2+ 56. Kg4 Qh4+ 57. Kxf3 Qxf6+ 58. Ke4 Qe6+ 59. Kf3 Rf1+ 60. Kg2 Qe2+ 61. Kg3 Rf3+ 62. Kg4 Qe4+ 63. Kg5 Qf4# 0-1

[Event "Mistrzostwa Polski Juniorek Młodszych "]
[Site "Suwałki, Poland"]
[Date "2025.04.29"]
[Round "8.1"]
[White "Rzadkowska, Lila"]
[Black "Krotava, Palina"]
[Result "1-0"]
[WhiteElo "1896"]
[BlackElo "1562"]
[PlyCount "103"]
[EventDate "2025.??.??"]

1. c4 e5 2. Nc3 g6 3. g3 Bg7 4. Bg2 d6 5. e4 Nf6 6. Nge2 Nbd7 7. d3 Nc5 8. b4 Ne6 9. a3 O-O 10. O-O a6 11. Bb2 Bd7 12. f4 b5 13. f5 Nd4 14. Nxd4 exd4 15. Ne2 Ng4 16. Bxd4 Bxd4+ 17. Nxd4 Ne3 18. Qd2 Nxf1 19. Rxf1 Qf6 20. Ne2 g5 21. d4 Rad8 22. Nc3 c6 23. h4 h6 24. e5 dxe5 25. Ne4 Qg7 26. f6 Qg6 27. Nd6 exd4 28. Be4 Qh5 29. Rf2 bxc4 30. Qxd4 Be6 31. hxg5 Qxg5 32. Bxc6 Kh8 33. Kg2 Rg8 34. Rf3 Qh5 35. Qf4 Qh3+ 36. Kf2 Qh2+ 37. Ke1 Qh1+ 38. Rf1 Qh5 39. Rh1 Qxh1+ 40. Bxh1 Rg5 41. Qh4 Re5+ 42. Be4 h5 43. Qf4 Rxe4+ 44. Nxe4 Kh7 45. Ng5+ Kg6 46. Nxe6 fxe6 47. Qxc4 Rf8 48. Qxa6 Rxf6 49. Qd3+ Kh6 50. b5 e5 51. Qe3+ Kg6 52. b6 1-0

[Event "Mistrzostwa Polski Juniorek Młodszych "]
[Site "Suwałki, Poland"]
[Date "2025.04.29"]
[Round "8.15"]
[White "Andrzejewska, Anna"]
[Black "Delikat, Zofia"]
[Result "1-0"]
[WhiteElo "1505"]
[BlackElo "1409"]
[PlyCount "101"]
[EventDate "2025.??.??"]

1. e4 c5 2. Nf3 g6 3. c3 Bg7 4. d4 cxd4 5. cxd4 d5 6. e5 Bg4 7. Bb5+ Nc6 8. Bxc6+ bxc6 9. Nbd2 Nh6 10. O-O Nf5 11. h3 Bxf3 12. Nxf3 O-O 13. b3 e6 14. Ba3 Re8 15. Qc2 Qb6 16. Bc5 Qc7 17. Rac1 Rec8 18. Rfd1 Bh6 19. Rb1 Qd8 20. Qc3 Nh4 21. Rb2 a5 22. Rc2 a4 23. b4 Nxf3+ 24. Qxf3 Bf8 25. Bxf8 Qxf8 26. a3 Rab8 27. Rdc1 Rb6 28. Rc5 Qe8 29. Qc3 Qd7 30. Qc2 Qa7 31. Ra5 Ra6 32. Rxa6 Qxa6 33. Qc5 h6 34. b5 Qa8 35. bxc6 Qb8 36. Qd6 Qb2 37. Qc5 Qb8 38. c7 Qa8 39. Qd6 Kg7 40. Qd7 Kg8 41. Rc6 Kg7 42. Kh2 Qb7 43. Qd6 h5 44. Qc5 Qa8 45. Qb6 g5 46. Rd6 Kf8 47. Rd8+ Kg7 48. Rxc8 Qxc8 49. Qb8 Qxb8 50. cxb8=Q Kg6 51. Qd8 1-0